000 00368nam a22001577a 4500
005 20180412153517.0
008 160615b xxu||||| |||| 00| 0 eng d
041 _aeng
082 _b7852
_a348
100 _aShukla, T.N.
_9480
245 _aPayment of Gratuity Act 1972
260 _bKomal Law House
_c2009
300 _a95
650 _aManagement
_9241
942 _cBK
999 _c2824
_d2823